<?xml version="1.0" encoding="UTF-8"?>
<record
    xmlns:xsi="http://www.w3.org/2001/XMLSchema-instance"
    xsi:schemaLocation="http://www.loc.gov/MARC21/slim http://www.loc.gov/standards/marcxml/schema/MARC21slim.xsd"
    xmlns="http://www.loc.gov/MARC21/slim">

  <leader>01135nam2a2200241   4500</leader>
  <controlfield tag="001">RU\NLR\BIBL_A\011103608</controlfield>
  <controlfield tag="005">20250625204439.0</controlfield>
  <datafield tag="010" ind1=" " ind2=" ">
    <subfield code="a">978-5-906749-18-5</subfield>
    <subfield code="9">5000</subfield>
  </datafield>
  <datafield tag="021" ind1=" " ind2=" ">
    <subfield code="a">RU</subfield>
    <subfield code="b">2016-24797</subfield>
    <subfield code="9">1575</subfield>
  </datafield>
  <datafield tag="035" ind1=" " ind2=" ">
    <subfield code="a">(NLR Aleph) 011103608</subfield>
  </datafield>
  <datafield tag="090" ind1=" " ind2=" ">
    <subfield code="a">11433932</subfield>
    <subfield code="c">11433932</subfield>
  </datafield>
  <datafield tag="100" ind1=" " ind2=" ">
    <subfield code="a">20160418d2016    |||y0rusy50      ca</subfield>
  </datafield>
  <datafield tag="101" ind1="1" ind2=" ">
    <subfield code="a">rus</subfield>
    <subfield code="c">eng</subfield>
  </datafield>
  <datafield tag="102" ind1=" " ind2=" ">
    <subfield code="a">RU</subfield>
  </datafield>
  <datafield tag="105" ind1=" " ind2=" ">
    <subfield code="a">a|||z|||000zy</subfield>
  </datafield>
  <datafield tag="200" ind1="1" ind2=" ">
    <subfield code="a">&#x412;&#x442;&#x43E;&#x440;&#x43E;&#x435; &#x43A;&#x43E;&#x43B;&#x44C;&#x446;&#x43E; &#x441;&#x438;&#x43B;&#x44B;</subfield>
    <subfield code="a">&#x414;&#x430;&#x440; &#x41E;&#x440;&#x43B;&#x430;</subfield>
    <subfield code="f">[&#x43F;&#x435;&#x440;. &#x441; &#x430;&#x43D;&#x433;&#x43B;.: &#x418;. &#x421;&#x442;&#x430;&#x440;&#x44B;&#x445;]</subfield>
  </datafield>
  <datafield tag="210" ind1=" " ind2=" ">
    <subfield code="d">2016</subfield>
    <subfield code="a">&#x411;. &#x43C;.</subfield>
  </datafield>
  <datafield tag="215" ind1=" " ind2=" ">
    <subfield code="a">541 &#x441;.</subfield>
    <subfield code="c">&#x438;&#x43B;.</subfield>
  </datafield>
  <datafield tag="461" ind1=" " ind2="0">
    <subfield code="1">001RU\NLR\BIBL_A\011003696</subfield>
    <subfield code="1">2001#$a&#x41A;&#x430;&#x440;&#x43B;&#x43E;&#x441; &#x41A;&#x430;&#x441;&#x442;&#x430;&#x43D;&#x435;&#x434;&#x430;$e[&#x441;&#x431;&#x43E;&#x440;&#x43D;&#x438;&#x43A;$f&#x43F;&#x435;&#x440;. &#x441; &#x430;&#x43D;&#x433;&#x43B;.: &#x41C;. &#x414;&#x43E;&#x431;&#x440;&#x43E;&#x432;&#x43E;&#x43B;&#x44C;&#x441;&#x43A;&#x438;&#x439;, &#x410;. &#x421;&#x438;&#x434;&#x435;&#x440;&#x441;&#x43A;&#x438;&#x439;$g&#x438;&#x43B;.: &#x412;. &#x415;&#x440;&#x43A;&#x43E;]$v[3]</subfield>
    <subfield code="1">700#1$a&#x41A;&#x430;&#x441;&#x442;&#x430;&#x43D;&#x435;&#x434;&#x430;$b&#x41A;.$f1931-1998$g&#x41A;&#x430;&#x440;&#x43B;&#x43E;&#x441;$3RU\NLR\AUTH\774816</subfield>
    <subfield code="9">10980994</subfield>
    <subfield code="a">&#x41A;&#x430;&#x441;&#x442;&#x430;&#x43D;&#x435;&#x434;&#x430;, &#x41A;. (1931-1998)</subfield>
    <subfield code="c">&#x41C;&#x43E;&#x441;&#x43A;&#x432;&#x430;</subfield>
    <subfield code="d">2016</subfield>
    <subfield code="f">&#x43F;&#x435;&#x440;. &#x441; &#x430;&#x43D;&#x433;&#x43B;.: &#x41C;. &#x414;&#x43E;&#x431;&#x440;&#x43E;&#x432;&#x43E;&#x43B;&#x44C;&#x441;&#x43A;&#x438;&#x439;, &#x410;. &#x421;&#x438;&#x434;&#x435;&#x440;&#x441;&#x43A;&#x438;&#x439;</subfield>
    <subfield code="n">&#x421;&#x43E;&#x444;&#x438;&#x44F;</subfield>
    <subfield code="o">[&#x441;&#x431;&#x43E;&#x440;&#x43D;&#x438;&#x43A;</subfield>
    <subfield code="t">&#x41A;&#x430;&#x440;&#x43B;&#x43E;&#x441; &#x41A;&#x430;&#x441;&#x442;&#x430;&#x43D;&#x435;&#x434;&#x430;</subfield>
    <subfield code="v">[3]</subfield>
  </datafield>
  <datafield tag="942" ind1=" " ind2=" ">
    <subfield code="c">BOOK</subfield>
  </datafield>
  <datafield tag="980" ind1=" " ind2=" ">
    <subfield code="a">NB</subfield>
  </datafield>
  <datafield tag="995" ind1=" " ind2=" ">
    <subfield code="5">2016-04-18</subfield>
    <subfield code="a">ad</subfield>
    <subfield code="b">NLR01</subfield>
    <subfield code="c">NLR01</subfield>
    <subfield code="e">RF31</subfield>
    <subfield code="f">1-1355263</subfield>
    <subfield code="k">2016-3/3161</subfield>
    <subfield code="o">0</subfield>
    <subfield code="p">0.00</subfield>
    <subfield code="r">BOOK</subfield>
    <subfield code="s">201633161_</subfield>
  </datafield>
  <datafield tag="995" ind1=" " ind2=" ">
    <subfield code="5">2016-04-18</subfield>
    <subfield code="a">ad</subfield>
    <subfield code="b">NLR01</subfield>
    <subfield code="c">NLR01</subfield>
    <subfield code="e">OBM</subfield>
    <subfield code="f">1-1355264</subfield>
    <subfield code="o">0</subfield>
    <subfield code="p">0.00</subfield>
    <subfield code="r">BOOK</subfield>
  </datafield>
</record>
